Ingeniería de aguas residuales: tratamiento, vertido y reutilización

Na minha lista:
Detalhes bibliográficos
Principais autores: Tchobanoglous, George (Autor), Burton, Franklin L (Autor)
Autor Corporativo: Metcalf y Eddy (Autor)
Formato: Livro
Idioma:espanhol
Publicado em: Ciudad de México McGraw Hill Interamericana 1996
Edição:1a. ed
Assuntos:
Tags: Adicionar Tag
Sem tags, seja o primeiro a adicionar uma tag!

MARC

LEADER 00000cam a2200000 a 4500
001 UCM6691
003 CL-VaPUC
008 021122e19960000MX |||||||||||||||||spa|d
020 |a 9701010043o.c 
020 |a 9701010051v.1 
082 0 4 |a 628.1  |b TCH  |2 21 
100 0 |a Tchobanoglous, George  |e author  |9 472477 
700 0 |a Burton, Franklin L  |e author  |9 472478 
110 2 |a Metcalf y Eddy  |e author  |9 472479 
245 1 0 |a Ingeniería de aguas residuales: tratamiento, vertido y reutilización 
250 |a 1a. ed 
300 |a v 
942 |c BK 
945 |d 20021122 00:00:00  |a vberengu 
260 |a Ciudad de México  |b McGraw Hill Interamericana  |c 1996 
650 7 |a INGENIERIA SANITARIA  |2 CL-VaPUC  |9 262866 
650 0 |a Aguas residuales   |9 262614 
650 7 |a EVACUACION Y MANIPULACION DE LAS AGUAS  |2 CL-VaPUC  |9 360383 
650 0 |a Ingeniería ambiental  |9 328689 
650 7 |a TRATAMIENTO DE LAS AGUAS RESIDUALES  |2 CL-VaPUC  |9 472480 
650 0 |a Alcantarillado   |9 260369 
650 7 |a ESTACIONES DE BOMBEO  |2 CL-VaPUC  |9 262867 
650 7 |a BOMBAS  |2 CL-VaPUC  |9 259418 
583 |a last modification  |c 20180312 12:10:42  |k Rodrigo Vera 
999 |c 301924  |d 301922 
952 |0 0  |1 0  |4 0  |6 628_100000000000000_TCH_1996  |7 0  |8 A  |9 361741  |a BIBING  |b BIBING  |d 2019-11-21  |h v.1  |i 3856151  |o 628.1 TCH 1996  |p 3856151  |r 2025-01-20  |w 2019-11-21  |y BK  |k CCL 
952 |0 0  |1 0  |4 0  |6 628_100000000000000_TCH_1996  |7 0  |8 A  |9 361742  |a BIBING  |b BIBING  |d 2019-11-21  |h v.2  |i 385616K  |o 628.1 TCH 1996  |p 385616K  |r 2025-01-20  |w 2019-11-21  |y BK  |k CCL 
952 |0 0  |1 0  |4 0  |6 628_100000000000000_TCH_1996  |7 0  |8 A  |9 361743  |a BIBING  |b BIBING  |d 2019-11-21  |h v.3  |i 3856178  |o 628.1 TCH 1996  |p 3856178  |r 2025-01-20  |w 2019-11-21  |y BK  |k CCL 
952 |0 0  |1 0  |3 erd  |4 0  |6 628_100000000000000_TCH_1996  |7 0  |8 A  |9 361744  |a BIBING  |b BIBING  |h v.1  |i 5445485  |l 3  |o 628.1 TCH 1996  |p 5445485  |r 2025-01-20  |s 2023-03-28  |w 2019-11-21  |y BK  |z Catalogado en:20171230  |k EIQ